Tribhuvan University Central Library

Development disorders in the Himalayan heights challenges and strategies for environment and development: altitude geography (Record no. 25710)

MARC details
000 -LEADER
fixed length control field 006700000a22002530004500
082 ## - DEWEY DECIMAL CLASSIFICATION NUMBER
Classification number 551.43
Item number P192d
-- N
041 ## - LANGUAGE CODE
Language code of text/sound track or separate title Eng
015 ## - NATIONAL BIBLIOGRAPHY NUMBER
National bibliography number NNB
100 ## - MAIN ENTRY--PERSONAL NAME
Personal name Pandey, Ram Kumar
245 ## - TITLE STATEMENT
Title Development disorders in the Himalayan heights challenges and strategies for environment and development: altitude geography
260 ## - PUBLICATION, DISTRIBUTION, ETC. (IMPRINT)
Place of publication, distribution, etc Kathmandu
Name of publisher, distributor, etc Ratna Pustak Bhandar, Nepal
260 ## - PUBLICATION, DISTRIBUTION, ETC. (IMPRINT)
Date of publication, distribution, etc 1995
300 ## - PHYSICAL DESCRIPTION
Extent 438p.
Other physical details illus
518 ## - DATE/TIME AND PLACE OF AN EVENT NOTE
Date/time and place of an event note 20020224
530 ## - ADDITIONAL PHYSICAL FORM AVAILABLE NOTE
Additional physical form available note M
500 ## - GENERAL NOTE
General note Bibliography at the end
650 ## - SUBJECT ADDED ENTRY--TOPICAL TERM
Topical term or geographic name as entry element Mountains
650 ## - SUBJECT ADDED ENTRY--TOPICAL TERM
Topical term or geographic name as entry element Geography
650 ## - SUBJECT ADDED ENTRY--TOPICAL TERM
Topical term or geographic name as entry element Altitude
650 ## - SUBJECT ADDED ENTRY--TOPICAL TERM
Topical term or geographic name as entry element Culture
650 ## - SUBJECT ADDED ENTRY--TOPICAL TERM
Topical term or geographic name as entry element Environment
650 ## - SUBJECT ADDED ENTRY--TOPICAL TERM
Topical term or geographic name as entry element Geomorphology
942 ## - ADDED ENTRY ELEMENTS (KOHA)
Koha item type General Collections
Holdings
Withdrawn status Lost status Damaged status Not for loan Home library Current library Date acquired Total Checkouts Barcode Date last seen Price effective from Source of classification or shelving scheme Full call number Koha item type
        Tribhuvan University Central Library Tribhuvan University Central Library 06/20/2010   117463 06/20/2010 06/20/2010      
        Tribhuvan University Central Library Tribhuvan University Central Library 06/20/2010   G53965 06/20/2010 06/20/2010      
        Tribhuvan University Central Library Tribhuvan University Central Library 01/24/2011   136280 01/24/2011 01/24/2011 Dewey Decimal Classification 551.43 P192d General Collections